[Event "Titled Tuesday intern op 5th June"]
[Site "Chess.com INT"]
[Date "2018.06.05"]
[Round "9"]
[White "Fernandez Siles, Luis"]
[Black "Markin, Arden Quinlan"]
[Result "1-0"]
[WhiteElo "2279"]
[BlackElo "1952"]
[PlyCount "47"]
[EventDate "2018.06.05"]
[EventType "swiss (blitz)"]
[EventRounds "10"]
[EventCountry "USA"]
[SourceTitle "EXT 2021"]
[Source "ChessBase"]
[SourceDate "2020.10.23"]
[SourceVersion "1"]
[SourceVersionDate "2020.10.23"]
[SourceQuality "1"]

1. d4 d5 2. c4 c6 3. cxd5 cxd5 4. Bf4 Nc6 5. e3 Nf6 6. Nc3 a6 7. Bd3 e6 8. Rc1 Bd6 9. Bxd6 Qxd6 10. f4 b5 11. Nf3 Bd7 12. 0-0 Qe7 13. Ne5 0-0 14. Rf3 g6 15. Qe1 Nxe5 16. fxe5 Ne8 17. Qg3 Rc8 18. Rcf1 Ng7 19. Rf6 Rc7 20. Qg5 Bc6 21. Qh6 Rb7 22. R1f3 Nh5 23. Rh3 Rc8 24. Rxh5 1-0

[Event "Titled Tuesday intern op 5th June"]
[Site "Chess.com INT"]
[Date "2018.06.05"]
[Round "1"]
[White "Markin, Arden Quinlan"]
[Black "Alexiadis, Hristos"]
[Result "0-1"]
[WhiteElo "1952"]
[BlackElo "2244"]
[PlyCount "74"]
[EventDate "2018.06.05"]
[EventType "swiss (blitz)"]
[EventRounds "10"]
[EventCountry "USA"]
[SourceTitle "EXT 2021"]
[Source "ChessBase"]
[SourceDate "2020.10.23"]
[SourceVersion "1"]
[SourceVersionDate "2020.10.23"]
[SourceQuality "1"]

1. e4 c5 2. Nc3 Nc6 3. f4 g6 4. Nf3 Bg7 5. Bb5 Nd4 6. Bc4 e6 7. e5 d5 8. Nxd4 cxd4 9. Bb5+ Kf8 10. Ne2 Qb6 11. Bd3 h5 12. b3 Ne7 13. Bb2 Nc6 14. a4 a5 15. 0-0 Kg8 16. Qe1 Bf8 17. Qg3 Bd7 18. Kh1 Rh7 19. f5 exf5 20. Bxf5 Bxf5 21. Rxf5 Re8 22. Raf1 h4 23. Qg4 Nxe5 24. Rxe5 Rxe5 25. Bxd4 Qe6 26. Qxe6 Rxe6 27. Nf4 Rd6 28. Bc5 Rf6 29. Bd4 Rf5 30. Rf3 Bd6 31. Nd3 Rxf3 32. gxf3 f5 33. Bb6 h3 34. Bxa5 Re7 35. Bc3 Re2 36. f4 Kf7 37. Ne5+ Bxe5 0-1

[Event "Titled Tuesday intern op 5th June"]
[Site "Chess.com INT"]
[Date "2018.06.05"]
[Round "2"]
[White "Walentukiewicz, Michal"]
[Black "Markin, Arden Quinlan"]
[Result "1-0"]
[WhiteElo "2094"]
[BlackElo "1952"]
[PlyCount "179"]
[EventDate "2018.06.05"]
[EventType "swiss (blitz)"]
[EventRounds "10"]
[EventCountry "USA"]
[SourceTitle "EXT 2021"]
[Source "ChessBase"]
[SourceDate "2020.10.23"]
[SourceVersion "1"]
[SourceVersionDate "2020.10.23"]
[SourceQuality "1"]

1. g3 d5 2. Bg2 Nf6 3. c4 c6 4. cxd5 Nxd5 5. Nf3 Nd7 6. 0-0 N7f6 7. d4 Bf5 8. Nc3 e6 9. Re1 Bd6 10. Ne5 Nxc3 11. bxc3 Bxe5 12. dxe5 Qxd1 13. Rxd1 Nd5 14. Bb2 Nb6 15. e4 Bg6 16. Rd4 c5 17. Rdd1 Nc4 18. Bc1 Ke7 19. Bg5+ f6 20. exf6+ gxf6 21. Bh4 e5 22. f4 Rhd8 23. Bf1 Rxd1 24. Rxd1 Ne3 25. Re1 Nxf1 26. Kxf1 exf4 27. gxf4 Kf7 28. f5 Bh5 29. e5 fxe5 30. Rxe5 Re8 31. Rxc5 Re4 32. Rc7+ Kg8 33. Bg3 Be2+ 34. Kf2 Ba6 35. f6 Re2+ 36. Kf3 Kf8 37. f7 Re6 38. Bh4 Be2+ 39. Kf4 Bh5 40. Rxb7 a6 41. Kf5 Bxf7 42. Bf6 Re8 43. Ra7 Bg6+ 44. Kg5 Re6 45. h4 Rc6 46. Bd4 Bd3 47. h5 Bb5 48. Rxh7 Bd3 49. Ra7 Rd6 50. h6 Rd5+ 51. Kf4 Rh5 52. Bg7+ Kg8 53. Ke3 Bb5 54. a4 Bxa4 55. Rxa6 Bb5 56. Rb6 Bc4 57. Kd4 Bf1 58. Rb8+ Kh7 59. Rh8+ Kg6 60. Rf8 Bb5 61. Rf6+ Kh7 62. Rd6 Bf1 63. Rc6 Bb5 64. Rc7 Bf1 65. c4 Rh4+ 66. Kd5 Rh5+ 67. Kd6 Rf5 68. c5 Bg2 69. Ke7 Kg6 70. Kd8 Rd5+ 71. Kc8 Bh3+ 72. Kb8 Bg2 73. Ka7 Rd1 74. c6 Rc1 75. Kb6 Rb1+ 76. Kc5 Rc1+ 77. Kd6 Rd1+ 78. Ke7 Re1+ 79. Kd8 Rd1+ 80. Kc8 Rd5 81. Ra7 Bh3+ 82. Kc7 Rc5 83. Ra6 Bg2 84. Rb6 Rc2 85. Kd6 Rd2+ 86. Ke5 Re2+ 87. Kd4 Rd2+ 88. Ke3 Rd6 89. c7 Rxb6 90. c8Q 1-0

[Event "Georgia-ch"]
[Site "Atlanta"]
[Date "2017.04.28"]
[Round "1"]
[White "Aaron, Deepak"]
[Black "Markin, Arden Quinlan"]
[Result "1-0"]
[WhiteElo "2320"]
[BlackElo "2008"]
[PlyCount "93"]
[EventDate "2017.04.28"]
[EventType "swiss"]
[EventRounds "5"]
[EventCountry "USA"]
[SourceTitle "EXT 2018"]
[Source "ChessBase"]
[SourceDate "2017.10.13"]
[SourceVersion "1"]
[SourceVersionDate "2017.10.13"]
[SourceQuality "1"]

1. e4 c5 2. Nf3 Nc6 3. b3 d6 4. Bb2 e5 5. Bb5 Nge7 6. 0-0 a6 7. Bc4 Be6 8. Bxe6 fxe6 9. Ng5 Qd7 10. Qg4 Nd8 11. f4 exf4 12. e5 d5 13. Rxf4 h6 14. Nf3 Ndc6 15. Nc3 b5 16. d4 cxd4 17. Ne2 Nf5 18. Rxf5 exf5 19. Qg6+ Kd8 20. Nf4 Kc8 21. e6 Qd6 22. Qxf5 Be7 23. Nxd5 Kb7 24. Qe4 Rad8 25. Nxe7 Qxe7 26. Bxd4 Rhe8 27. Re1 Rd6 28. Bc5 Qxe6 29. Qh4 Qd5 30. Bxd6 Rxe1+ 31. Qxe1 Qxd6 32. Qc3 g5 33. h3 Qd1+ 34. Kf2 Qd6 35. a4 Kc7 36. axb5 axb5 37. Qe3 Kb7 38. c3 Qd5 39. b4 Qf5 40. Kg3 Qf6 41. Qc5 Ka6 42. Kf2 h5 43. c4 Qb2+ 44. Kg3 h4+ 45. Kh2 Nxb4 46. Qxb5+ Ka7 47. Qxg5 1-0